000 03329nab a2200265 i 4500
003 BR-BrBNA
005 20250313104625.0
008 250313b2015 bl.qr|pooa||| 00| 0 spa |
040 _aBR-BrBNA
_bspa
072 _aF70
100 _aBonilla, Deivis Abadia
100 _aTapia, Álvaro de Jesus Lema
100 _aPalacios-Tello, Luz Yorleyda
245 _aComposición de lianas y bejucos en el Chocó Biogeográfico Colombiano
500 _aPublicação on-line; 27 ref.; 1 table; 5 illus.; Summaries (En, Es)
520 _a Resumen Con el objetivo de determinar los patrones de distribución de lianas y bejucos en el Chocó biogeográfico colombiano, se construyó una base en datos de presencia de las especies de lianas y bejucos reportadas a diciembre de 2012, a partir de bases de datos digitales, registros en literatura científica e inspección directa de especímenes del herbario teniendo en cuenta los tipos de ecosistemas (ambientes), a partir de la cual, se determinó la composición y riqueza para cada tipo de ambiente. Para evaluar la afinidad en términos de composición de familias entre tipos de ambientes, se elaboró un análisis de agrupamiento jerárquico, utilizando el coeficiente de similaridad de Jaccard. Se registraron 41 familias, distribuidas en 198 géneros y 700 especies de lianas y bejucos para el Chocó Biogeográfico. Las familias mejor representadas en cuanto a número de especies y géneros fueron Bignoniaceae (75/34), Fabaceae (74/19), Sapindaceae (59/4) y Rubiaceae (40/14). Existe una similaridad del 72% en la composición de lianas y bejucos respecto a los tipos de ambiente del Chocó Biogeográfico colombiano. Palabras clave: Presencia-ausencia, similaridad, Bignoniaceae, trepadoras, diversidad. Abstract In order to determine the distribution patterns of lianas and vines in the Colombian Chocó biogeographic, we constructed a data base of presence of species of lianas and vines reported to December 2012, from digital databases, records scientific literature and direct inspection of herbarium specimens considering ecosystem types (environments), from which, the composition and richness to any environment was determined. To evaluate the affinity in terms of family composition between types of environments, hierarchical clustering analysis, “Cluster” was developed using the Jaccard similarity coefficient. 41 families, 198 genera distributed in 700 species of lianas and vines for Chocó were recorded. The families better represented as for number of species and kinds were Bignoniaceae (75/34), Fabaceae (74/19), Sapindaceae (59/4) and Rubiaceae (40/14). There is a similarity of 72% in the composition of lianas and vines on the types of Colombian Chocó Biogeographic environment. Key words: Presence-absence, similarity, Bignoniaceae, climbing, diversity
650 _aBIODIVERSIDADE
650 _aTAXONOMIA
650 _aTREPADEIRA
650 _aCOLÔMBIA
773 0 _0709
_9349058
_dRio de Janeiro-RJ Jardim Botanico do Rio de Janeiro 1935
_o2025-1576
_tRodriguésia (Brazil)
_x0370-6583; 2175-7860 on-line
_gv. 66(3) p. 665-673; (2015)
_wBR2025000194
856 _uhttps://www.scielo.br/j/rod/a/JJBkyZYPwbTKDQR9z83vzxv/?format=pdf&lang=es
942 _cANA
999 _c330379
_d330379